[Event "First Saturday 2009 september GM"]
[Site "Budapest"]
[Date "2009.09.05"]
[Round "1"]
[White "Szabo, Krisztian"]
[Black "Manca, Federico"]
[Result "1-0"]
[WhiteElo "2489"]
[BlackElo "2356"]
[PlyCount "103"]
[EventDate "2009.09.05"]

1. e4 e6 2. d4 d5 3. Nc3 Nf6 4. e5 Nfd7 5. f4 c5 6. Nf3 Nc6 7. Be3 Be7 8. Be2
O-O 9. Qd2 a6 10. O-O b5 11. a3 Qb6 12. Rad1 Bb7 13. Rfe1 cxd4 14. Nxd4 Bc5 15.
Bg4 Bxd4 16. Bxd4 Nxd4 17. Qxd4 g6 18. Ne2 a5 19. c3 Rfc8 20. Qxb6 Nxb6 21. Nd4
Bc6 22. Ra1 Bd7 23. Kf2 Na4 24. Ra2 Rab8 25. Bd1 Nc5 26. Ke3 b4 27. axb4 axb4
28. cxb4 Rxb4 29. b3 g5 30. fxg5 Ne4 31. Rc2 Ra8 32. Bf3 Nxg5 33. h4 Nxf3 34.
gxf3 Ra3 35. Rc7 Raxb3+ 36. Nxb3 Rxb3+ 37. Kf4 Bb5 38. Rb7 Rb4+ 39. Kg3 Rb3 40.
Rc1 Bc4 41. Rxb3 Bxb3 42. Kf4 h6 43. Rg1+ Kf8 44. Rg2 Bc4 45. Ke3 Bf1 46. Rg3
Bc4 47. f4 Ba6 48. Rf3 Bc8 49. Kd4 Bd7 50. Kc5 Ke7 51. Ra3 Be8 52. Ra8 1-0

[Event "First Saturday 2009 september GM"]
[Site "Budapest"]
[Date "2009.09.05"]
[Round "1"]
[White "Shen, Siyuan"]
[Black "Fodor, Tamas Jr"]
[Result "1/2-1/2"]
[WhiteElo "2368"]
[BlackElo "2430"]
[PlyCount "136"]
[EventDate "2009.09.05"]

1. Nf3 d5 2. b3 Nf6 3. Bb2 g6 4. g3 Bg7 5. Bg2 O-O 6. c4 c6 7. Qc2 Re8 8. O-O
Nbd7 9. Nc3 Nb6 10. cxd5 cxd5 11. d4 Bf5 12. Qd2 Ne4 13. Nxe4 dxe4 14. Nh4 Nd5
15. e3 Bh6 16. Nxf5 gxf5 17. Rfc1 e6 18. Ba3 Kh8 19. Rc2 Rg8 20. Rac1 Qd7 21.
Qa5 b6 22. Qa6 f6 23. Kh1 Bg5 24. Bf1 f4 25. exf4 Bxf4 26. gxf4 Qg7 27. Bh3
Nxf4 28. Qf1 Qh6 29. Rc3 Rad8 30. Rd1 Rd5 31. Bc1 e3 32. Bxe3 Qxh3 33. Qxh3
Nxh3 34. Rdc1 f5 35. f4 Rd7 36. Rc7 Rxc7 37. Rxc7 Rg4 38. Re7 Nxf4 39. Bxf4
Rxf4 40. Rxe6 Rxd4 41. Re8+ Kg7 42. Re7+ Kg6 43. Rxa7 h5 44. Rc7 Kg5 45. a4 Rd3
46. b4 Rd4 47. b5 Rxa4 48. Rc6 Kg4 49. Rxb6 Ra1+ 50. Kg2 Ra2+ 51. Kg1 Kf3 52.
h3 f4 53. Ra6 Rg2+ 54. Kf1 Rf2+ 55. Kg1 Rb2 56. Ra3+ Ke4 57. Ra4+ Kf5 58. Ra5
Kg5 59. b6+ Kh4 60. Rf5 Kg3 61. Rg5+ Kf3 62. Rxh5 Rxb6 63. Ra5 Rb1+ 64. Kh2 Kf2
65. Ra2+ Kf1 66. h4 Re1 67. h5 Re2+ 68. Rxe2 Kxe2 1/2-1/2

[Event "First Saturday 2009 september GM"]
[Site "Budapest"]
[Date "2009.09.05"]
[Round "1"]
[White "Kislik, Erik Andrew"]
[Black "Odendahl, Reiner"]
[Result "1-0"]
[WhiteElo "2339"]
[BlackElo "2422"]
[PlyCount "72"]
[EventDate "2009.09.05"]

1. e4 c5 2. Nf3 Nc6 3. d4 cxd4 4. Nxd4 g6 5. c4 Nf6 6. Nc3 d6 7. Be2 Bg7 8. Be3
O-O 9. O-O Bd7 10. Rc1 Nxd4 11. Bxd4 Bc6 12. f3 a5 13. b3 Nd7 14. Be3 Nc5 15.
Qd2 Qb6 16. Rc2 Rfc8 17. Rb1 Qd8 18. Rcc1 h5 19. Bf1 Kh7 20. Ne2 Qf8 21. Nf4
Bh6 22. Nd5 Bxd5 23. cxd5 Rc7 24. Bb5 Rac8 25. Rc4 Bxe3+ 26. Qxe3 Qd8 27. Rbc1
Ra8 28. Kh1 Rcc8 29. e5 Qb6 30. exd6 exd6 31. Rf4 Rf8 32. Bc4 Rac8 33. g4 Nd7
34. Qe7 Ne5 35. gxh5 g5 36. Qxg5 Rg8 1-0

[Event "First Saturday 2009 september GM"]
[Site "Budapest"]
[Date "2009.09.05"]
[Round "1"]
[White "Berczes, David"]
[Black "Boros, Denes"]
[Result "1/2-1/2"]
[WhiteElo "2521"]
[BlackElo "2462"]
[PlyCount "96"]
[EventDate "2009.09.05"]

1. d4 Nf6 2. c4 c5 3. d5 g6 4. Nc3 Bg7 5. e4 O-O 6. Nf3 d6 7. Bd3 e6 8. O-O Na6
9. h3 Nc7 10. Bg5 h6 11. Be3 exd5 12. cxd5 b5 13. a4 b4 14. Ne2 Re8 15. Ng3 c4
16. Bb1 Ba6 17. Re1 Nd7 18. Bd4 Bxd4 19. Qxd4 Ne5 20. Nxe5 Rxe5 21. Qd2 Rb8 22.
Bc2 Qh4 23. Rad1 Ne8 24. Qe3 Re7 25. f4 c3 26. bxc3 Rc8 27. Ne2 Bxe2 28. Rxe2
Rxc3 29. Qf2 Qxf2+ 30. Kxf2 g5 31. g3 f6 32. Rd3 Rec7 33. Bb1 Rc1 34. Rb3 a5
35. e5 fxe5 36. fxe5 Re7 37. e6 Rd1 38. Ba2 Nf6 39. Rf3 Nxd5 40. Bb3 Rd4 41.
Re1 Kg7 42. Rf5 Nc3 43. Rxa5 Ne4+ 44. Kg2 Nc5 45. Re3 Nxb3 46. Rxb3 Rxe6 47.
Rb5 Re2+ 48. Kf3 Ra2 1/2-1/2

[Event "First Saturday 2009 september GM"]
[Site "Budapest"]
[Date "2009.09.06"]
[Round "2"]
[White "Varga, Zoltan"]
[Black "Boros, Denes"]
[Result "1/2-1/2"]
[WhiteElo "2481"]
[BlackElo "2462"]
[PlyCount "52"]
[EventDate "2009.09.05"]

1. e4 c5 2. Nf3 d6 3. d4 cxd4 4. Nxd4 Nf6 5. Nc3 a6 6. Be3 Ng4 7. Bc1 Nf6 8.
Be3 Ng4 9. Bc1 Nf6 10. Bg5 Nc6 11. Qd2 e6 12. O-O-O Be7 13. f4 Rb8 14. Be2 h6
15. Bh4 e5 16. Nxc6 bxc6 17. Rhf1 exf4 18. Bxf6 Bxf6 19. Qxd6 Qb6 20. Na4 Bxb2+
21. Nxb2 Qxb2+ 22. Kd2 Rb4 23. Ke1 Qc3+ 24. Kf2 Qe3+ 25. Ke1 Qc3+ 26. Kf2 Qe3+
1/2-1/2

[Event "First Saturday 2009 september GM"]
[Site "Budapest"]
[Date "2009.09.06"]
[Round "2"]
[White "Fodor, Tamas Jr"]
[Black "Kislik, Erik Andrew"]
[Result "0-1"]
[WhiteElo "2430"]
[BlackElo "2339"]
[PlyCount "66"]
[EventDate "2009.09.05"]

1. Nf3 Nf6 2. c4 e6 3. d4 d5 4. Nc3 Bb4 5. Qa4+ Nc6 6. Bg5 h6 7. Bh4 g5 8. Bg3
Ne4 9. Qc2 g4 10. Ne5 Nxd4 11. Qd3 Nf5 12. a3 Bxc3+ 13. bxc3 Nfxg3 14. hxg3 Qg5
15. Nxg4 Qxg4 16. cxd5 Qf5 17. Qd4 Qf6 18. dxe6 Bxe6 19. Rh4 Rd8 20. Qxf6 Nxf6
21. e4 Ke7 22. Be2 b6 23. f3 h5 24. Rc1 Nd7 25. Kf2 Ne5 26. Rch1 Rd2 27. Rxh5
Rxh5 28. Rxh5 Nc4 29. g4 Rc2 30. g5 Nxa3 31. Ke1 Rxc3 32. Rh7 Kf8 33. f4 Kg8
0-1

[Event "First Saturday 2009 september GM"]
[Site "Budapest"]
[Date "2009.09.06"]
[Round "2"]
[White "Manca, Federico"]
[Black "Shen, Siyuan"]
[Result "1-0"]
[WhiteElo "2356"]
[BlackElo "2368"]
[PlyCount "81"]
[EventDate "2009.09.05"]

1. e4 c6 2. d4 d5 3. Nc3 dxe4 4. Nxe4 Nd7 5. Bc4 Ngf6 6. Ng5 e6 7. Qe2 Nb6 8.
Bd3 h6 9. N5f3 c5 10. dxc5 Bxc5 11. Ne5 Nbd7 12. Ngf3 Qc7 13. O-O O-O 14. Bd2
Bd6 15. Rfe1 Nc5 16. c4 Nxd3 17. Qxd3 Rd8 18. Qc2 b6 19. Bc3 Bb7 20. b3 Rac8
21. Re3 b5 22. Rae1 bxc4 23. bxc4 Bxf3 24. Rxf3 Bxe5 25. Bxe5 Qxc4 26. Qxc4
Rxc4 27. Bxf6 gxf6 28. Rxf6 Ra4 29. Rxh6 Rxa2 30. g3 a5 31. Rf6 Rdd2 32. Re4 a4
33. Rg4+ Kf8 34. Rgf4 Rd7 35. Rxe6 Ra7 36. Ree4 a3 37. Ra4 Rxa4 38. Rxa4 Ra1+
39. Kg2 a2 40. Ra7 Kg7 41. Ra6 1-0

[Event "First Saturday 2009 september GM"]
[Site "Budapest"]
[Date "2009.09.07"]
[Round "3"]
[White "Szabo, Krisztian"]
[Black "Varga, Zoltan"]
[Result "1/2-1/2"]
[WhiteElo "2489"]
[BlackElo "2481"]
[PlyCount "43"]
[EventDate "2009.09.05"]

1. e4 d5 2. exd5 Nf6 3. Nf3 Nxd5 4. d4 Bg4 5. h3 Bxf3 6. Qxf3 e6 7. Bd3 Qf6 8.
Qxf6 gxf6 9. c3 Nd7 10. O-O O-O-O 11. Re1 h5 12. Be4 c6 13. Nd2 Bh6 14. Nf3
N5b6 15. Bxh6 Rxh6 16. Rad1 Rhh8 17. Kf1 Rhg8 18. h4 Nc4 19. b3 Nd6 20. c4 Nxe4
21. Rxe4 f5 22. Ree1 1/2-1/2

[Event "First Saturday 2009 september GM"]
[Site "Budapest"]
[Date "2009.09.07"]
[Round "3"]
[White "Shen, Siyuan"]
[Black "Czebe, Attila"]
[Result "1/2-1/2"]
[WhiteElo "2368"]
[BlackElo "2485"]
[PlyCount "50"]
[EventDate "2009.09.05"]

1. d4 d5 2. Bf4 c5 3. e3 Nc6 4. c3 Qb6 5. Qb3 c4 6. Qc2 Bf5 7. Qc1 Nf6 8. Nd2
Nh5 9. Bg3 Nxg3 10. hxg3 e5 11. dxe5 Nxe5 12. Ngf3 Nxf3+ 13. Nxf3 Bc5 14. Be2
O-O 15. Nd4 Bxd4 16. cxd4 Qa5+ 17. Qd2 Qxd2+ 18. Kxd2 b5 19. Bd1 a5 20. Bc2
Bxc2 21. Kxc2 f5 22. a4 b4 23. Rh4 Ra6 24. Rah1 h6 25. Rh5 Rff6 {after 20 move}
1/2-1/2

[Event "First Saturday 2009 september GM"]
[Site "Budapest"]
[Date "2009.09.07"]
[Round "3"]
[White "Kislik, Erik Andrew"]
[Black "Manca, Federico"]
[Result "1/2-1/2"]
[WhiteElo "2339"]
[BlackElo "2356"]
[PlyCount "86"]
[EventDate "2009.09.05"]

1. d4 Nf6 2. Nf3 e6 3. g3 c5 4. c4 cxd4 5. Nxd4 d5 6. Bg2 e5 7. Nb3 d4 8. O-O
Nc6 9. e3 Bg4 10. f3 Be6 11. exd4 exd4 12. Re1 Bb4 13. N1d2 O-O 14. Bf1 a5 15.
a3 Be7 16. Nb1 a4 17. N3d2 d3 18. Nc3 Ne5 19. Kh1 Nfg4 20. fxg4 Bxg4 21. Rxe5
Bxd1 22. Nxd1 Bf6 23. Rd5 Qe7 24. Bxd3 Rad8 25. Ne4 Bd4 26. Ndc3 Rxd5 27. Nxd5
Qe6 28. Bf4 h6 29. Re1 Kh8 30. Re2 Qh3 31. Re1 Qe6 32. Bd6 Re8 33. Bb4 Qg6 34.
Kg2 Qc6 35. Rf1 b5 36. Nd6 bxc4 37. Bxc4 Rd8 38. Nxf7+ Kh7 39. Rc1 Qg6 40. Nxd8
Qe4+ 41. Kh3 Qf5+ 42. Kg2 Qe4+ 43. Kh3 Qf5+ 1/2-1/2

[Event "First Saturday 2009 september GM"]
[Site "Budapest"]
[Date "2009.09.07"]
[Round "3"]
[White "Boros, Denes"]
[Black "Odendahl, Reiner"]
[Result "1-0"]
[WhiteElo "2462"]
[BlackElo "2422"]
[PlyCount "125"]
[EventDate "2009.09.05"]

1. e4 c5 2. Nf3 Nc6 3. d4 cxd4 4. Nxd4 g6 5. c4 Nf6 6. Nc3 Nxd4 7. Qxd4 d6 8.
Be2 Bg7 9. O-O O-O 10. Qe3 Bd7 11. Rd1 Qc7 12. Bd2 Rfc8 13. Rac1 a5 14. Qd3 a4
15. Bg5 Qc5 16. Be3 Qb4 17. Rb1 Be6 18. b3 axb3 19. axb3 Nd7 20. Bd2 Qb6 21.
Qg3 Be5 22. Qf3 Bf6 23. Nb5 Ra2 24. Nc3 Raa8 25. Bf1 Ra3 26. Na4 Qd8 27. Bb4
Ra2 28. Nc3 Raa8 29. Nb5 Qb6 30. Bd2 Qc6 31. Qe3 Qc5 32. Qg3 Qh5 33. f4 Nc5 34.
Qe3 Qh6 35. Nd4 Qg7 36. Nf3 Qf8 37. Bb4 Bg7 38. Be1 Ra3 39. Bb4 Raa8 40. Rd2
Bd7 41. Re1 Bc6 42. e5 b6 43. Rf2 e6 44. Nd4 dxe5 45. fxe5 Qe8 46. Be2 Ra7 47.
Bf3 Bd7 48. h4 Qe7 49. g3 Be8 50. Nb5 Bxb5 51. cxb5 Qc7 52. Bc6 Bf8 53. Rd1 Rd8
54. Rxd8 Qxd8 55. Rd2 Qc7 56. h5 Ra1+ 57. Kg2 Rb1 58. Qf4 Qe7 59. Rd7 Rb2+ 60.
Kh3 Qxd7 61. Bxd7 Nd3 62. Qd4 Nf2+ 63. Kg2 1-0

[Event "First Saturday 2009 september GM"]
[Site "Budapest"]
[Date "2009.09.08"]
[Round "4"]
[White "Varga, Zoltan"]
[Black "Odendahl, Reiner"]
[Result "1-0"]
[WhiteElo "2481"]
[BlackElo "2422"]
[PlyCount "187"]
[EventDate "2009.09.05"]

1. e4 c5 2. Nf3 Nc6 3. b3 d6 4. Bb5 Bd7 5. O-O Nf6 6. Re1 a6 7. Bxc6 Bxc6 8. e5
dxe5 9. Nxe5 Rc8 10. Bb2 e6 11. Na3 Be7 12. Nac4 O-O 13. Qe2 Qc7 14. Rad1 b5
15. Nxc6 Qxc6 16. Ne5 Qb6 17. Ng4 Nd7 18. Nh6+ Kh8 19. Qh5 f6 20. Qh3 f5 21.
Qh5 Nf6 22. Bxf6 Bxf6 23. Nf7+ Kg8 24. Ng5 Bxg5 25. Qxg5 c4 26. Qg3 f4 27. Qh3
Rf6 28. Re4 f3 29. gxf3 cxb3 30. cxb3 Rc2 31. a4 bxa4 32. bxa4 Qc6 33. d3 Ra2
34. Rde1 Rxa4 35. Rxe6 Rxe6 36. Rxe6 Qd7 37. Qf5 Rd4 38. Qe5 Rd5 39. Qb8+ Kf7
40. Rxa6 Rg5+ 41. Kh1 Qd5 42. Qc7+ Kf8 43. Qb8+ Kf7 44. Qa7+ Ke8 45. Qa8+ Qxa8
46. Rxa8+ Ke7 47. Ra4 Rd5 48. Re4+ Kd6 49. d4 Rf5 50. Kg2 Kd5 51. Rh4 h5 52.
Re4 g6 53. h3 Rf6 54. Kg3 Rf5 55. Rf4 Rg5+ 56. Kh2 Kc4 57. Rf6 Kxd4 58. f4 Ra5
59. Rxg6 Ke4 60. Rg5 Ra2 61. Kg2 Kxf4 62. Rxh5 Rb2 63. Ra5 Rc2 64. Ra3 Rc1 65.
Rg3 Rc5 66. Rg4+ Kf5 67. Kg3 Rc3+ 68. f3 Rc1 69. Rf4+ Kg6 70. Ra4 Rh1 71. Ra6+
Kf5 72. Ra5+ Kf6 73. Kg4 Rh2 74. Ra6+ Kf7 75. f4 Rh1 76. h4 Rb1 77. Kg5 Rb5+
78. f5 Rb1 79. Ra7+ Kf8 80. Kg6 Rf1 81. h5 Rg1+ 82. Kf6 Kg8 83. Ra8+ Kh7 84.
Kf7 Rg5 85. f6 Re5 86. Re8 Ra5 87. Ke7 Ra7+ 88. Kf8 Ra5 89. f7 Ra7 90. Rd8 Ra4
91. Ke7 Re4+ 92. Kf6 Rf4+ 93. Ke6 Rf1 94. f8=R 1-0

[Event "First Saturday 2009 september GM"]
[Site "Budapest"]
[Date "2009.09.08"]
[Round "4"]
[White "Fodor, Tamas Jr"]
[Black "Boros, Denes"]
[Result "1/2-1/2"]
[WhiteElo "2430"]
[BlackElo "2462"]
[PlyCount "176"]
[EventDate "2009.09.05"]

1. d4 Nf6 2. c4 e6 3. Nc3 c5 4. d5 exd5 5. cxd5 d6 6. e4 g6 7. Nf3 Bg7 8. Bd3
O-O 9. O-O Re8 10. h3 a6 11. a4 Nh5 12. Bg5 Bf6 13. Be3 Nd7 14. Nd2 Rb8 15. a5
Bd4 16. Bxd4 cxd4 17. Ne2 Nc5 18. Ra3 Nxd3 19. Rxd3 Qxa5 20. Rxd4 Bd7 21. Ng3
Ng7 22. Nc4 Qc5 23. Ne3 Rbc8 24. Qd2 Qb6 25. Kh2 h5 26. Rd1 Bb5 27. Nh1 Qd8 28.
g3 Rc7 29. h4 Qc8 30. f3 f5 31. Nf2 Rf8 32. f4 Re8 33. Re1 Rce7 34. Ned1 Kh7
35. Nc3 Bd7 36. Nh3 Kg8 37. Ng5 b5 38. b4 Qd8 39. Nf3 fxe4 40. Nxe4 Rf8 41.
Nfg5 Bf5 42. Rd3 Bxe4 43. Rxe4 Rxe4 44. Nxe4 Nf5 45. Ng5 Qf6 46. Ra3 Ra8 47.
Ne6 Ng7 48. Nd4 Qf8 49. Qc2 Qf6 50. Nxb5 Rb8 51. Nc3 Rxb4 52. Rxa6 Nf5 53. Ra8+
Kh7 54. Ne4 Qb2 55. Ra7+ Kg8 56. Qxb2 Rxb2+ 57. Kh3 Re2 58. Nf6+ Kf8 59. Rh7
Re3 60. Nd7+ Kg8 61. Nf6+ Kf8 62. Nd7+ Ke8 63. Nf6+ Kd8 64. Nxh5 gxh5 65. Rxh5
Nxg3 66. Rh8+ Ke7 67. Kg4 Ne4 68. Rh7+ Kf6 69. Rh6+ Kf7 70. Kf5 Kg7 71. Re6
Ng3+ 72. Kg4 Ne4 73. Kf5 Ng3+ 74. Kg4 Rd3 75. Rxd6 Ne4 76. Re6 Nf6+ 77. Kg5
Nxd5 78. h5 Rg3+ 79. Kf5 Kf7 80. Ra6 Rh3 81. h6 Ne3+ 82. Kg5 Rg3+ 83. Kh5 Nd5
84. Ra7+ Kf6 85. h7 Rh3+ 86. Kg4 Rh1 87. f5 Rg1+ 88. Kf3 Rh1 1/2-1/2

[Event "First Saturday 2009 september GM"]
[Site "Budapest"]
[Date "2009.09.08"]
[Round "4"]
[White "Czebe, Attila"]
[Black "Kislik, Erik Andrew"]
[Result "1/2-1/2"]
[WhiteElo "2485"]
[BlackElo "2339"]
[PlyCount "78"]
[EventDate "2009.09.05"]

1. e4 c5 2. Nf3 d6 3. d4 cxd4 4. Nxd4 Nf6 5. Nc3 g6 6. Be3 Bg7 7. f3 Nc6 8. Qd2
O-O 9. Bc4 Bd7 10. O-O-O Rc8 11. Bb3 Nxd4 12. Bxd4 b5 13. Bxa7 b4 14. Nd5 Nxd5
15. exd5 Qa5 16. Qe3 Ba4 17. Bd4 Rc7 18. Bxg7 Kxg7 19. Kb1 Ra8 20. Rd4 Rc3 21.
Qxc3 bxc3 22. Rxa4 Qd8 23. Rxa8 Qxa8 24. bxc3 Qa7 25. a4 Qf2 26. Rd1 Qxg2 27.
Kb2 Qxh2 28. a5 Qe2 29. Rd3 Qf2 30. Rd4 Qf1 31. Bc4 Qh3 32. a6 Qd7 33. Bf1 h5
34. Rb4 Kf6 35. Rb7 Qa4 36. Rb3 Qd7 37. Rb7 Qa4 38. Rb3 Qd7 39. f4 h4 1/2-1/2

[Event "First Saturday 2009 september GM"]
[Site "Budapest"]
[Date "2009.09.08"]
[Round "4"]
[White "Szabo, Krisztian"]
[Black "Shen, Siyuan"]
[Result "1/2-1/2"]
[WhiteElo "2489"]
[BlackElo "2368"]
[PlyCount "48"]
[EventDate "2009.09.05"]

1. e4 c6 2. d4 d5 3. exd5 cxd5 4. c4 Nf6 5. Nc3 g6 6. Qb3 Bg7 7. cxd5 Nbd7 8.
Be2 O-O 9. Bf3 Nb6 10. Nge2 Bf5 11. a4 Bd3 12. a5 Bc4 13. Qb4 Bxe2 14. Nxe2
Nbxd5 15. Qxb7 Qd6 16. Qb3 Rab8 17. Qa3 Qa6 18. O-O Rfc8 19. Nc3 Qc4 20. Nxd5
Nxd5 21. Qa4 e6 22. Rd1 Rb4 23. Qd7 Qc7 24. Qxc7 Rxc7 1/2-1/2

[Event "First Saturday 2009 september GM"]
[Site "Budapest"]
[Date "2009.09.09"]
[Round "5"]
[White "Kislik, Erik Andrew"]
[Black "Szabo, Krisztian"]
[Result "0-1"]
[WhiteElo "2339"]
[BlackElo "2489"]
[PlyCount "76"]
[EventDate "2009.09.05"]

1. d4 d5 2. Nf3 Nf6 3. g3 c6 4. Bg2 Bf5 5. O-O e6 6. b3 h6 7. Bb2 Nbd7 8. c4
Be7 9. Nc3 O-O 10. e3 a5 11. Qe2 Ne4 12. Nd2 Nxc3 13. Bxc3 a4 14. b4 Nf6 15.
Rac1 Bh7 16. a3 Qd7 17. Nf3 Ne4 18. Ne5 Qe8 19. f3 Nxc3 20. Rxc3 Bd6 21. Nd3 e5
22. dxe5 Bxe5 23. Nxe5 Qxe5 24. Qd2 Rad8 25. cxd5 Rxd5 26. Qc1 Qd6 27. e4 Rd2
28. Rc2 Rd3 29. Qb2 Rd8 30. Rff2 Rb3 31. Qc1 Qd1+ 32. Qxd1 Rxd1+ 33. Bf1 Kf8
34. Ra2 f6 35. Kg2 Bg8 36. Rad2 Rxd2 37. Rxd2 Ke7 38. Rd3 Bc4 0-1

[Event "First Saturday 2009 september GM"]
[Site "Budapest"]
[Date "2009.09.09"]
[Round "5"]
[White "Berczes, David"]
[Black "Czebe, Attila"]
[Result "1/2-1/2"]
[WhiteElo "2521"]
[BlackElo "2485"]
[PlyCount "109"]
[EventDate "2009.09.05"]

1. d4 d5 2. Nf3 Bg4 3. Ne5 Bf5 4. c4 f6 5. Nf3 c6 6. cxd5 cxd5 7. Qb3 Qd7 8.
Nc3 e6 9. Bf4 Nc6 10. e3 Rc8 11. Qd1 Bd6 12. Bxd6 Qxd6 13. Nh4 Bg6 14. Nxg6
hxg6 15. h3 Nge7 16. Bd3 Kf7 17. Rc1 a6 18. Qe2 b5 19. O-O e5 20. dxe5 Nxe5 21.
Rfd1 Qe6 22. Nb1 N7c6 23. Bc2 Nc4 24. Nc3 Rhd8 25. b3 Nb6 26. Qd2 d4 27. Ne4
Rd5 28. Bb1 Rcd8 29. Nc5 Qe7 30. Qc2 f5 31. Nd3 R5d6 32. Re1 dxe3 33. Rxe3 Qf6
34. Qb2 Qxb2 35. Nxb2 Nd5 36. Ree1 Nf4 37. g3 Nxh3+ 38. Kg2 Ng5 39. Nd3 Re8 40.
Rxe8 Kxe8 41. Nc5 Ne7 42. a4 bxa4 43. Nxa4 Rd2 44. Nc5 Nd5 45. Re1+ Kd8 46.
Nxa6 Nc3 47. Nc5 Nd1 48. Ne6+ Nxe6 49. Rxe6 Nxf2 50. Kf3 Nd1 51. Kf4 Nc3 52.
Rxg6 Nxb1 53. Rxg7 Rf2+ 54. Ke3 Rf1 55. g4 1/2-1/2

[Event "First Saturday 2009 september GM"]
[Site "Budapest"]
[Date "2009.09.09"]
[Round "5"]
[White "Boros, Denes"]
[Black "Manca, Federico"]
[Result "1-0"]
[WhiteElo "2462"]
[BlackElo "2356"]
[PlyCount "79"]
[EventDate "2009.09.05"]

1. e4 e5 2. Nf3 Nc6 3. Bc4 Bc5 4. c3 Nf6 5. d4 exd4 6. e5 d5 7. Bb5 Ne4 8. cxd4
Bb6 9. Be3 O-O 10. O-O Bg4 11. Bxc6 bxc6 12. Qc1 f6 13. Qxc6 Bxf3 14. gxf3 Ng5
15. Bxg5 fxg5 16. Nc3 Bxd4 17. Nxd5 g4 18. f4 Qh4 19. Nxc7 g3 20. hxg3 Qxg3+
21. Qg2 Qxf4 22. Rae1 Qh4 23. Ne6 g6 24. Re4 Bxf2+ 25. Rxf2 Rxf2 26. Rxh4 Rxg2+
27. Kxg2 Re8 28. Nc7 Rxe5 29. Rb4 h5 30. Kf3 Kf7 31. Rb7 g5 32. Rxa7 Kg6 33. b4
g4+ 34. Kf4 Rf5+ 35. Ke4 g3 36. Ra8 Rf2 37. Rg8+ Kh6 38. Rxg3 Rxa2 39. b5 h4
40. Rb3 1-0

[Event "First Saturday 2009 september GM"]
[Site "Budapest"]
[Date "2009.09.09"]
[Round "5"]
[White "Odendahl, Reiner"]
[Black "Fodor, Tamas Jr"]
[Result "0-1"]
[WhiteElo "2422"]
[BlackElo "2430"]
[PlyCount "68"]
[EventDate "2009.09.05"]

1. c4 Nf6 2. g3 c6 3. Nf3 d5 4. b3 Bg4 5. Bg2 Nbd7 6. Bb2 e6 7. O-O Bd6 8. d3
O-O 9. Nbd2 a5 10. a3 Qe7 11. h3 Bh5 12. Qc2 Rfe8 13. e4 dxe4 14. dxe4 Bxf3 15.
Nxf3 e5 16. Rfd1 c5 17. Ne1 Nb8 18. Nd3 Nc6 19. Re1 Nd7 20. h4 a4 21. Bh3 Ra6
22. Rac1 axb3 23. Qxb3 Nb6 24. Bc3 Rea8 25. Re2 Na4 26. Ba1 Nd4 27. Bxd4 cxd4
28. Ra2 Nc3 29. Rxc3 dxc3 30. a4 Bc5 31. Qxc3 Rxa4 32. Rxa4 Rxa4 33. Nxe5 Qd6
34. Qb2 Rb4 0-1

[Event "First Saturday 2009 september GM"]
[Site "Budapest"]
[Date "2009.09.10"]
[Round "6"]
[White "Varga, Zoltan"]
[Black "Fodor, Tamas Jr"]
[Result "1/2-1/2"]
[WhiteElo "2481"]
[BlackElo "2430"]
[PlyCount "25"]
[EventDate "2009.09.05"]

1. e4 e6 2. d4 d5 3. exd5 exd5 4. Nf3 Nc6 5. c4 Bb4+ 6. Bd2 Bxd2+ 7. Qxd2 Nf6
8. cxd5 Nxd5 9. Nc3 O-O 10. Be2 Bf5 11. O-O Nce7 12. Bc4 c6 13. Rfe1 1/2-1/2

[Event "First Saturday 2009 september GM"]
[Site "Budapest"]
[Date "2009.09.10"]
[Round "6"]
[White "Manca, Federico"]
[Black "Odendahl, Reiner"]
[Result "1-0"]
[WhiteElo "2356"]
[BlackElo "2422"]
[PlyCount "97"]
[EventDate "2009.09.05"]

1. e4 c5 2. Nf3 d6 3. d4 cxd4 4. Nxd4 Nf6 5. Nc3 g6 6. Be3 Bg7 7. f3 Nc6 8. Qd2
Bd7 9. Bc4 Rc8 10. Bb3 Ne5 11. O-O-O h5 12. Bg5 Nc4 13. Bxc4 Rxc4 14. Nde2 b5
15. e5 dxe5 16. Nxb5 Qc8 17. Nbc3 Be6 18. Kb1 O-O 19. Bh6 Qb7 20. Bxg7 Kxg7 21.
Qe3 Rb8 22. b3 Qc7 23. Rd2 a5 24. Ka1 Rc6 25. Re1 a4 26. Nxa4 Nd5 27. Rxd5 Bxd5
28. Nec3 Be6 29. Qxe5+ Qxe5 30. Rxe5 Rbc8 31. Kb2 Kf8 32. Re2 Bf5 33. Ne4 Bxe4
34. fxe4 Kg7 35. c4 Kf6 36. c5 Ke5 37. Kc3 Rf6 38. Kc4 Rf1 39. b4 Rd8 40. Nb6
Rd4+ 41. Kb5 Rc1 42. a4 Rb1 43. Nc4+ Ke6 44. Rc2 Kd7 45. c6+ Kc7 46. Kc5 Rxe4
47. b5 Rd1 48. b6+ Kc8 49. Rb2 1-0

[Event "First Saturday 2009 september GM"]
[Site "Budapest"]
[Date "2009.09.10"]
[Round "6"]
[White "Czebe, Attila"]
[Black "Boros, Denes"]
[Result "0-1"]
[WhiteElo "2485"]
[BlackElo "2462"]
[PlyCount "62"]
[EventDate "2009.09.05"]

1. e4 c5 2. Nf3 d6 3. d4 cxd4 4. Nxd4 Nf6 5. Nc3 Nc6 6. Bg5 e6 7. Qd2 a6 8.
O-O-O Be7 9. f3 Nxd4 10. Qxd4 b5 11. Kb1 Bb7 12. g4 Rc8 13. h4 h6 14. Be3 Qc7
15. Bh3 b4 16. Qxb4 d5 17. Qb3 dxe4 18. g5 hxg5 19. hxg5 Nd5 20. Qa4+ Qc6 21.
Qxc6+ Bxc6 22. Nxd5 Bxd5 23. f4 Bc5 24. Rde1 Rh4 25. f5 Bxe3 26. Rxe3 exf5 27.
Rd1 Be6 28. Bf1 a5 29. Ra3 Rc5 30. c3 e3 31. Bd3 Rd5 0-1

[Event "First Saturday 2009 september GM"]
[Site "Budapest"]
[Date "2009.09.10"]
[Round "6"]
[White "Szabo, Krisztian"]
[Black "Berczes, David"]
[Result "1/2-1/2"]
[WhiteElo "2489"]
[BlackElo "2521"]
[PlyCount "83"]
[EventDate "2009.09.05"]

1. e4 c6 2. c4 d5 3. exd5 cxd5 4. d4 Nf6 5. Nc3 Nc6 6. Nf3 Bg4 7. cxd5 Nxd5 8.
Qb3 Bxf3 9. gxf3 e6 10. Qxb7 Nxd4 11. Bb5+ Nxb5 12. Qc6+ Ke7 13. Qxb5 Qd7 14.
Nxd5+ Qxd5 15. Bg5+ f6 16. Qxd5 exd5 17. Be3 Ke6 18. O-O-O Bb4 19. a3 Rhc8+ 20.
Kb1 Bc5 21. Rhe1 Bxe3 22. Rxe3+ Kd6 23. Rde1 Rc4 24. Re7 Rh4 25. R1e6+ Kc5 26.
Rxg7 Rxh2 27. Rxf6 Rxf2 28. Rxh7 Rb8 29. Rc7+ Kd4 30. Rc2 Rxc2 31. Kxc2 a5 32.
Rc6 Rh8 33. a4 Rh2+ 34. Kb1 Rf2 35. Rc3 Rf1+ 36. Kc2 Rf2+ 37. Kb1 Rf1+ 38. Ka2
Rf2 39. Rb3 Kc4 40. Rc3+ Kb4 41. Rd3 Kc4 42. Rc3+ 1/2-1/2

[Event "First Saturday 2009 september GM"]
[Site "Budapest"]
[Date "2009.09.11"]
[Round "7"]
[White "Boros, Denes"]
[Black "Szabo, Krisztian"]
[Result "1/2-1/2"]
[WhiteElo "2462"]
[BlackElo "2489"]
[PlyCount "76"]
[EventDate "2009.09.05"]

1. e4 c5 2. Nf3 d6 3. d4 cxd4 4. Qxd4 Nc6 5. Bb5 Bd7 6. Bxc6 Bxc6 7. c4 f5 8.
exf5 Qa5+ 9. Nbd2 Qxf5 10. O-O Nf6 11. Re1 Kf7 12. b4 e5 13. Qe3 Be7 14. c5
Rhe8 15. Ba3 Kg8 16. b5 Bxf3 17. Nxf3 Rad8 18. Qb3+ Kh8 19. Rac1 h6 20. Qf7 Qh5
21. Qxh5 Nxh5 22. cxd6 Bxd6 23. Bxd6 Rxd6 24. Nxe5 Kh7 25. Nc4 Rxe1+ 26. Rxe1
Rd4 27. Rc1 Rd5 28. Rb1 Rd4 29. Rc1 Rd5 30. a4 Rc5 31. Rc2 Nf4 32. g3 Nd5 33.
Rd2 Rxc4 34. Rxd5 Rxa4 35. b6 axb6 36. Rd7 Rb4 37. Kg2 Kg6 38. h4 Rb2 1/2-1/2

[Event "First Saturday 2009 september GM"]
[Site "Budapest"]
[Date "2009.09.11"]
[Round "7"]
[White "Fodor, Tamas Jr"]
[Black "Manca, Federico"]
[Result "1/2-1/2"]
[WhiteElo "2430"]
[BlackElo "2356"]
[PlyCount "74"]
[EventDate "2009.09.05"]

1. d4 Nf6 2. c4 e6 3. Nc3 Bb4 4. Qc2 d5 5. a3 Bxc3+ 6. Qxc3 dxc4 7. Qxc4 b6 8.
Nf3 Ba6 9. Qc2 O-O 10. g3 Nbd7 11. Bg2 c5 12. O-O Rc8 13. Qd1 Qe7 14. Re1 Bb7
15. b4 Rfd8 16. bxc5 bxc5 17. Qa4 Bxf3 18. Bxf3 Nb6 19. Qa6 cxd4 20. Bg5 Rc7
21. Rac1 Rdc8 22. Rxc7 Rxc7 23. a4 Qb4 24. Ra1 Qc4 25. Qxc4 Rxc4 26. a5 Ra4 27.
Rxa4 Nxa4 28. e3 Nc5 29. exd4 Nb3 30. Be3 Nxa5 31. d5 exd5 32. Bxa7 Nb3 33. Bd1
Nd2 34. Bd4 Nde4 35. f3 Ng5 36. Bxf6 gxf6 37. Kf2 Ne6 1/2-1/2